000 00414nam a2200169Ia 4500
008 221030s9999 xx 000 0 und d
020 _a0074631802
041 _aEnglish
082 _a105.23
_bRao
100 _aP. N. Rao
245 0 _aManufacturing Technology Foundry, Forming & Welding
_cby P. N. Rao
250 _a2nd
260 _bTMH
_aNew Delhi
_c2006
300 _a472
650 _aMechanical
942 _cBK
999 _c926
_d926